00504nam a22001817a 450000500170000001000130001702000250003003500130005503700160006808200120008410000150009624500600011126000430017127000430021430000200025794200260027799900190030320180623124908.0 aG-002189 a9788170582021c75.00 aG-002189 adplbGifted a181.499 aNirodbaran aSri Aurbindo for all ages:ba biography/cby Nirodbaran aPondicherrybSri Aurbindo Ashramc2001 aSri Aurbindo Ashram PressbPondicherry a241p.c22cm(Pb) 2ddccENh181.499mNIR c153023d153023